000 00661cam a2200217 4500500
005 20260405001924.0
041 _afre
042 _adc
100 1 0 _aLacroix, Alexandre
_eauthor
245 0 0 _aEric Klinenberg : « Le célibat n’est pas un choix tragique »
260 _c2015.
500 _a75
690 _aAltérité
690 _aAutre
690 _aCélibat
690 _aCélibataire
690 _aEric Klinenberg
690 _aSociologie
786 0 _nPhilosophie magazine | 86 | 2 | 2015-02-01 | p. 22-23 | 1951-1787
856 4 1 _uhttps://shs.cairn.info/magazine-philosophie-magazine-2015-2-page-22?lang=fr&redirect-ssocas=7080
999 _c2052375
_d2052375